000 00911nam a2200253Ia 4500
003 OSt
005 20220923211057.0
006 a|||||r|||| 00| 0
007 ta
008 Pun
020 _a8177701134 (hbk)
_c100
024 _a238,078
037 _b235, 17/12/2008, N. R. Book Distributors
_cTextual
040 _aARTS
_cARTS
_bPun
041 _2Pun
_aPun
082 _aO153,6M94x, P4
100 _aਸਿੰਘ, ਰਾਏਜਸਬੀਰ, ਥਦ.
_9157931
245 0 _aਪਰਮ ਸਾਹਿੱਤ ਅਤੇ ਸਭਿਆਜਾਰ
260 _aਅੰਮ੍ਰਿਤਸਰ
_b ਗੁਰੂ ਨਾਨਕ ਦੇਵ ਯੂਨੀਵਰਸਿਟੀ
_c2004
300 _a114ਪੰ
_ccm.
650 _aਪੰਜਾਬੀ ਸਾਹਿਤ
942 _hO153,6M94x, P4
_cTEXL
_2CC
999 _c294891
_d294891